000 00863nam a2200241 i 4500
003 DO-SdBNP
005 20250613153232.0
007 ta
008 250613b1990 dr ac||| |||| 00| 0 spa d
040 _aDO-SdBNP
_bspa
_cBNPHU
_erda
082 4 _axxx
_bxxx
_222
100 1 _aEspinal Hernández, Edwin,
_d1971-
_eautor
_4aut.
_98396
245 1 0 _aNosotros, la familia Pichardo Roman :
_bestudio genealogico /
_cEdwin Espinal Hernández ; prólogo, Carlos Dobal
264 1 _aSantiago, República Dominicana :
_bImpresora Editora Teófilo,
_c1990.
300 _a262 páginas :
_bilustraciones, retratos ;
_c23 cm.
336 _atexto
_btxt
_2rdacontent
337 _asin mediación
_bn
_2rdamedia
338 _avolumen
_bnc
_2rdacarrier
590 _aInventariado, 2025/BT
700 _aDobal, Carlos,
_eprologuista
_4pr.
_926322
910 _aBtavárez
942 _2ddc
_cLBS1
999 _c59284
_d59284